DOSAGE FROM DESIGN (Record no. 12123)

MARC details
000 -LEADER
fixed length control field 00351nam a22001577a 4500
003 - CONTROL NUMBER IDENTIFIER
control field OSt
008 - FIXED-LENGTH DATA ELEMENTS--GENERAL INFORMATION
fixed length control field 231018b |||||||| |||| 00| 0 eng d
020 ## - INTERNATIONAL STANDARD BOOK NUMBER
International Standard Book Number 9788186270752
082 ## - DEWEY DECIMAL CLASSIFICATION NUMBER
Classification number 615.14 ALD
100 ## - MAIN ENTRY--PERSONAL NAME
Personal name ALI, AVED
245 ## - TITLE STATEMENT
Title DOSAGE FROM DESIGN
250 ## - EDITION STATEMENT
Edition statement 3rd rev
260 ## - PUBLICATION, DISTRIBUTION, ETC. (IMPRINT)
Place of publication, distribution, etc DELHI
Name of publisher, distributor, etc BIRLA PUB.
Date of publication, distribution, etc 2019
300 ## - PHYSICAL DESCRIPTION
Extent 7.72
942 ## - ADDED ENTRY ELEMENTS (KOHA)
Source of classification or shelving scheme Dewey Decimal Classification
Koha item type Text Books
Holdings
Withdrawn status Lost status Source of classification or shelving scheme Damaged status Not for loan Collection code Home library Current library Date acquired Source of acquisition Currency Cost, normal purchase price Bill Number Total Checkouts Full call number Acc. no. / Barcode Date last seen Actual Cost, discounted price Bill Date Koha item type
    Dewey Decimal Classification     B.Pharma PIET C-LIBRARY PIET C-LIBRARY 16/10/2023 KIRTI PRAKSHAN RUPEES 350.00 IN-1068   615.14 ALD BP2328 18/10/2023 241.50 10/10/2023 Text Books
    Dewey Decimal Classification     B.Pharma PIET C-LIBRARY PIET C-LIBRARY 16/10/2023 KIRTI PRAKSHAN RUPEES 350.00 IN-1068   615.14 ALD BP2329 18/10/2023 241.50 10/10/2023 Text Books

Design & Developed by: PIET Central Library
R70 Miles Stone Pattikalyana Samalkha Panipat 132102
mail ID :- [email protected], Phone No:- 0180-2569700 Ex.216